|
|
|
|
| LEADER |
00000nas a2200000 i 4500 |
| 001 |
ssj0000579969 |
| 003 |
WaSeSS |
| 005 |
20200512172242.0 |
| 006 |
m d |
| 007 |
cr n |
| 008 |
100407c19949999gw fr pss 0 a0eng c |
| 010 |
|
|
|a 2011203708
|
| 022 |
|
|
|a 2163-8217
|l 1080-1960
|y 1080-1960
|
| 035 |
|
|
|a (WaSeSS)ssj0000579969
|
| 037 |
|
|
|b Walter de Gruyter, Inc., North American Subscription Office, PO Box 830350, Birmingham, AL 35202-0350
|
| 040 |
|
|
|a OCLCE
|b eng
|e pn
|c OCLCE
|d AUM
|d DLC
|d OCLCQ
|d DLC
|d OCLCQ
|d DLC
|d OCLCF
|d DLC
|d OCLCQ
|d COO
|d VT2
|d WaSeSS
|
| 042 |
|
|
|a pcc
|a dlr
|
| 043 |
|
|
|a e-it---
|
| 050 |
0 |
0 |
|a DG222.5
|
| 082 |
0 |
4 |
|a 937/.5
|2 20
|
| 245 |
0 |
0 |
|a Etruscan studies
|h [electronic resource].
|
| 260 |
|
|
|a Berlin, Germany :
|b De Gruyter
|
| 310 |
|
|
|a Semiannual,
|b 2012-
|
| 321 |
|
|
|a Annual,
|b 1994-2011
|
| 362 |
1 |
|
|a Print began with volume 1 (spring 1994).
|
| 500 |
|
|
|a Print version published: Detroit, Mich. : Wayne State University Press, 1994- ; Philadelphia, 1999- ; Boston, 2001; Fremont, Mich., 2002/03-<2004/2007>
|
| 506 |
|
|
|a License restrictions may limit access.
|
| 515 |
|
|
|a None published for 2003 or 2005-2007.
|
| 538 |
|
|
|a Master and use copy. Digital master created according to Benchmark for Faithful Digital Reproductions of Monographs and Serials, Version 1. Digital Library Federation, December 2002.
|u http://purl.oclc.org/DLF/benchrepro0212
|5 MiAaHDL
|
| 538 |
|
|
|a Mode of access: World Wide Web.
|
| 550 |
|
|
|a Journal of: Etruscan Foundation.
|
| 583 |
1 |
|
|a digitized
|c 2010
|h HathiTrust Digital Library
|l committed to preserve
|2 pda
|5 MiAaHDL
|
| 588 |
|
|
|a Description based on: Volume 1, Issue 1 (Jun 1994); title from issue contents page (De Gruyter online, viewed July 10, 2015).
|
| 588 |
|
|
|a Latest issue consulted: Volume 18, number 1 (2015) (De Gruyter online, viewed July 10, 2015).
|
| 650 |
|
0 |
|a Etruscans
|v Periodicals.
|
| 650 |
|
0 |
|a Excavations (Archaeology)
|z Italy
|z Etruria
|v Periodicals.
|
| 650 |
|
7 |
|a Antiquities.
|2 fast
|0 (OCoLC)fst00810745
|
| 650 |
|
7 |
|a Etruscans.
|2 fast
|0 (OCoLC)fst00916316
|
| 650 |
|
7 |
|a Excavations (Archaeology)
|2 fast
|0 (OCoLC)fst00917564
|
| 650 |
1 |
7 |
|a Opgravingen.
|2 gtt
|
| 650 |
1 |
7 |
|a Etruriërs.
|2 gtt
|
| 651 |
|
0 |
|a Etruria
|x Antiquities
|v Periodicals.
|
| 651 |
|
7 |
|a Europe
|z Etruria.
|2 fast
|0 (OCoLC)fst01209231
|
| 655 |
|
0 |
|a Electronic journals.
|
| 710 |
2 |
|
|a Etruscan Foundation.
|
| 776 |
0 |
8 |
|i Print version:
|t Etruscan studies
|x 1080-1960
|w (DLC) 94648721
|w (OCoLC)31479971
|
| 850 |
|
|
|a DLC
|
| 856 |
4 |
0 |
|z Full text available from Research Library: 01/01/2013 to 6 months ago
|u https://search.proquest.com/publication/2031353
|